LEADER 01089cam0-2200361---450 001 990006526370403321 005 20221107142611.0 035 $a000652637 035 $aFED01000652637 035 $a(Aleph)000652637FED01 100 $a20010426d1989----km-y0itay50------ba 101 1 $aita 102 $aIT 105 $ay-------001yy 200 1 $aAlla ricerca di un mondo migliore$econferenze e saggi di trent'anni di attivitą$fKarl R. Popper 210 $aRoma$cArmando$d1989 215 $a247 p.$d21 cm 225 1 $aFilosofia e problemi d'oggi 454 0$12001$aAuf der suche nach einer besseren welt$92960939 610 0 $aConoscenza 676 $a121$v23$zita 700 1$aPopper,$bKarl R.$f<1902-1994>$0159114 801 0$aIT$bUNINA$gREICAT$2UNIMARC 901 $aBK 912 $a990006526370403321 952 $a193 POP 01$bbibl.8958$fFLFBC 952 $aIX A 633$b10656$fFSPBC 952 $aFONDO ROSSI 804$bROSSI 844$fFARBC 959 $aFLFBC 959 $aFSPBC 959 $aFARBC 996 $aAuf der suche nach einer besseren welt$92960939 997 $aUNINA LEADER 01014nam a2200253 i 4500 001 991002917609707536 008 160420s2014 it 000 0 ita d 020 $a9788815252821 035 $ab14253859-39ule_inst 040 $aDip. di Studi Umanistici$bita 082 0 $a177 100 1 $aGraziani, Anna Rita$0481345 245 10$aAdolescenti e morale /$cAnna Rita Graziani, Augusto Palmonari 260 $aBologna :$bIl Mulino,$c2014 300 $a128 p. ;$c20 cm 500 $aIn copertina: Trasgressione, conformismo e valori in un'etą inquieta 700 1 $aPalmonari, Augusto$eauthor$4http://id.loc.gov/vocabulary/relators/aut$0142681 830 0$aFarsi un'idea ;$v232 907 $a.b14253859$b17-05-16$c20-04-16 912 $a991002917609707536 945 $aLE005 177 GRA 01.01 (Stanza prof. Tundo)$g1$i2005000358180$lle005$op$pE11.00$q-$rn$ss $t0$u0$v0$w0$x0$y.i15721863$z17-05-16 996 $aAdolescenti e morale$91070944 997 $aUNISALENTO 998 $ale005$b20-04-16$cm$da $e-$fita$git $h0$i0